000 00913nam2a22002771 4500
001 rc\4729955
005 20250612013633.0
021 _aRU
_b[65-52869]
021 _aRU
_b[65-36977]
035 _a(NLR Aleph) 008446966
090 _a9513784
_c9513784
100 _a20130416d1965 |||y0rusy50 ca
101 0 _arus
102 _aRU
105 _aa z |||||
200 0 _aТ. 2
_f[Ил.: Б. Пашков, И. Щеберстов]
210 _aМосква
_cХудож. лит.
_d1965
215 _a575 с.
_cил.
461 0 _1001rc\4729953
_12001#$aПовести и рассказы$eТ. 1-2$vТ. 2
_99513774
_cМосква
_d1965
_nХудож. лит.
_oТ. 1-2
_p2 т.
_tПовести и рассказы
_vТ. 2
702 1 _aПашков
_bБ.
_4440
702 1 _aЩеберстов
_bИ.
_4440
801 0 _aRU
_bNLR
_gpsbo
801 1 _aRU
_bELAR
_2rusmarc
852 _aNLR
_j65-3/2595
942 _cBOOK
980 _aNB